Music Quiz

Random Music or Grab Bag Quiz

Tough Choices: Music Edition Quiz Stats

 Plays Quiz Updated Jul 18, 2016

Challenge
Share
Tweet
Embed
Score 0/20 Timer 07:00
8 Plays Today
Column A (Type A if Higher) A or B? % Correct
Age at death of Elvis Presley???
86.2%
Nena's Luftballons???
84%
Beats a whole note is held, in 4/4 time???
83.6%
Number one hits (Billboard Top 100) by Michael Jackson???
81.4%
Singles released with Katy Perry as lead artist in 2013???
79.8%
First studio album released by Adele???
78.9%
Dog Night of Danny Hutton, Cory Wells, Chuck Negron???
78.9%
Taylor Swift: 'I don't know about you,
but I'm feeling [this age]'
???
72.4%
The Beatles studio albums???
69.8%
Members of Led Zeppelin???
67.9%
Column A (Type A if Higher) A or B? % Correct
Green Day songs in 'American Idiot the Musical'???
66.1%
Letters in Madonna's legal surname???
63.3%
Black keys played per octave on a piano in C major???
59.9%
Major vocal ranges in a choir???
52.8%
Works composed by Bach???
52.5%
Members in the a capella group Pentatonix???
49.7%
Words sung by Tammi Terrell in 'Ain't No Mountain High Enough'???
49.4%
Times 'Halo' is sung in its namesake song (Beyoncé)???
44.4%
Songs on The Doors' self-named album???
43.2%
Beethoven's symphonies???
38.5%

You're not logged in!

Compare scores with friends on all Sporcle quizzes.
Join for Free
OR
Log In

You Might Also Like...

Show Comments

Extras

Top Quizzes Today


Score Distribution

Your Account Isn't Verified!

In order to create a playlist on Sporcle, you need to verify the email address you used during registration. Go to your Sporcle Settings to finish the process.

Report this User

Report this user for behavior that violates our Community Guidelines.

Details: